Normal view
MARC view
Entry Personal Name
001 - CONTROL NUMBER
- control field: 67488
003 - CONTROL NUMBER IDENTIFIER
- control field: dpl
005 - DATE AND TIME OF LATEST TRANSACTION
- control field: 20240614111016.0
008 - FIXED-LENGTH DATA ELEMENTS
- fixed length control field: 240614|| aca||aabn | a|a d
040 ## - CATALOGING SOURCE
- Original cataloging agency: dpl
- Transcribing agency: dpl
100 ## - HEADING--PERSONAL NAME
- Personal name: Johnston, Robert
670 ## - SOURCE DATA FOUND
- Source citation: Work cat.: (dpl)203598: Johnston, Robert, Services Operations Management/, 2024
